000 00489nam a2200181Ia 4500
005 20250326141204.0
008 250326s9999 xx 000 0 und d
037 _aTextbook
040 _aFMSL
_beng
_cFMSL
041 _aeng
_2eng
084 _qFMSL
100 _aNarag A.s.
_9246447
245 0 _aLinear Programming and decision making.
_cNarag A.s.
260 _aNew Delhi
_bNew Delhi, Sultan chand and Son.
_c1991
300 _a216p
942 _cTB
999 _c1289135
_d1289135